• 首页
  • 本馆介绍
  • 公告通知
  • 最新文献
  • 馆藏检索
  • 电子资源
  • 读者导购
  • 参考咨询
  • 我的图书馆
  • 登录
  • 详细信息显示
  • 放入我的书架
  • 预约/预借图书
  • 作者相关作品
  • 分类相关作品
  • 丛书相关作品
  • 出版社相关作品

书目信息

  • 表格格式
  • 工作单格式
  • 卡片格式
题名:
寻归绿色——环境道德教育
    
 
作者: 曾建平 著
分册:  
出版信息: 北京   人民出版社  2004
页数: 280页
开本: 21cm
丛书名:
单 册:
中图分类: X-4
科图分类:
主题词: 环境教育:品德教育
电子资源:
ISBN: 7-01-004290-X
000 01183nam0 2200313 450
000 01146nam0 2200301 450
000 01145nam0 2200313 450
000 01091nam0 2200289 450
000 01109nam0 2200277 450
000 01072nam0 2200265 45
001 TS2006012244
005 20061208085910.68
010    @a7-01-004290-X@dCNY17.00
100    @a20060829d2004 em y0chiy0110 ea
101 0  @achi
102    @aCN@b110000
105    @ay z 000yy
200 1  @a寻归绿色——环境道德教育@AXun Gui Lu^ Se—— Huan Jing Dao De Jiao Yu@f曾建平著@FZeng Jian Ping Zhu
210    @a北京@c人民出版社@d2004
215    @a280页@d21cm
300    @a全国教育科学“十五”规划重点课题
330    @a该书立足于全球性生态问题与21世纪德育的关系,通过剖析环境问题的文化价值观根源,阐述了环境道德教育的理论基础、本质特征、组织结构、模式发展、活动要素、功能和价值,以及它与环境伦理、环境教育的关系等内容。
606 0  @a环境教育:品德教育
690    @aX-4@v4
701  0 @a曾建平@AZeng Jian Ping@f(1967~)@4著
801  0 @aCN@b中图数据@c20061208
905    @a10447@dX-4@e92
    
    寻归绿色——环境道德教育/曾建平著.-北京:人民出版社,2004
    280页;21cm
    全国教育科学“十五”规划重点课题
    
    ISBN 7-01-004290-X:CNY17.00
    该书立足于全球性生态问题与21世纪德育的关系,通过剖析环境问题的文化价值观根源,阐述了环境道德教育的理论基础、本质特征、组织结构、模式发展、活动要素、功能和价值,以及它与环境伦理、环境教育的关系等内容。
●
相关链接 在E读中查询图书 在五车中查询图书 在当当中查询图书 在豆瓣中查询图书


正题名:寻归绿色——环境道德教育     索取号:X-4/92         预约/预借

序号 登录号 条形码 馆藏地/架位号 状态 备注
1 0607863   206078634   第二样本阅览室/ [索取号:X-4/92] 在馆    
2 0607864   206078643   第三借阅区/ [索取号:X-4/92] 在馆    
3 0607865   206078652   第三借阅区/ [索取号:X-4/92] 在馆    
4 0607866   206078661   第三借阅区/ [索取号:X-4/92] 在馆    
5 0607867   206078670   第三借阅区/ [索取号:X-4/92] 在馆    
唐山师范学院图书馆 欢迎您!
大连网信软件有限公司© 版权所有